000 00230nam a2200121Ia 4500
100 _a#N/A
650 _aComputer
942 _cBK
654 _aDIGIT
245 _aDIGIT MAY 2008-GAMES
260 _b#N/A
_c2008
546 _aENGLISH
999 _c29182
_d29182